000 00393nam a22001457a 4500
003 OSt
005 20251014091941.0
008 251014b |||||||| |||| 00| 0 eng d
020 _a9966225633
040 _cJOMO KENYATTA FOUNDATION
050 _aPR 9389 .M35 2007
245 _aMAN FROM MACHAKOS
_cDAVID G. MAILLU
260 _aNAIROBI KENYA
_bJOMO KENYATTA FOUNDATION
_c2007
942 _2ddc
_cBK
_n0
999 _c9591
_d9591